Norma y progetto. Regione emilia romagna. Assessorato edilizia e urbanistica :

Detalles Bibliográficos
Autor principal: Selvatici, Enrica
Autor Corporativo: assessorato edilizia e urbanistica de regione emilia-romagna
Formato: Libro
Lenguaje:Italiano
Publicado: Milano : Be-ma, 1987
Materias:
Etiquetas: Agregar Etiqueta
Sin Etiquetas, Sea el primero en etiquetar este registro!

MARC

LEADER 00000Cam#a22000005a#4500
003 AR-RoUNA
008 140529||||||||||||||||| |||| 0|||| d
040 |a AR-RoUNA  |b ita 
041 |a ita 
080 |a 711.2(45) 
092 |l S-469 
100 1 |a Selvatici, Enrica  |9 15071 
110 |a assessorato edilizia e urbanistica de regione emilia-romagna  |9 15072 
245 |a Norma y progetto. Regione emilia romagna. Assessorato edilizia e urbanistica : 
260 |a Milano :  |b Be-ma,  |c 1987 
300 |a 421 p. :  |b fot.  |b croquis  |b plantas  |b planos  |b diagr. 
653 |a Normas 
653 |a Schiaffonati 
653 |a Roccatagliata 
653 |a Terragni 
653 |a Vannuccini 
653 |a Di Cristina 
653 |a Petrucci 
653 |a Facilla 
653 |a Cetica 
653 |a Caiti 
653 |a Chiari 
653 |a Vecchi 
653 |a Bollani 
653 |a Buffi 
653 |a De Vecchi 
653 |a Intervenciones Urbanas 
653 |a Tecnica Regional 
653 |a Enrica Selvatici 
653 |a Tecnologia 
653 |a Proyectos 
653 |a Urbanismo 
653 |a Alemagna 
653 |a Melograni 
653 |a Andreucci 
653 |a Nuevas Edificaciones 
653 |a Lambertucci 
653 |a Masi 
653 |a Intervenciones Urbanas 
653 |a Sciopoli 
653 |a Dierna 
653 |a Re 
653 |a Piccinini 
653 |a Repetto 
653 |a Tomasetta 
653 |a Moretti 
653 |a Parmeggiani 
653 |a Festa Caputo 
653 |a Cicconi 
653 |a Constantini 
653 |a Trebbi 
653 |a Trevisani 
653 |a Strampelli 
930 |e 5726 
942 |2 cdu 
999 |c 885  |d 885